Banskoštiavnická kalvária prijala pútnikov

Bibliographic Details
Main Author: Juhaniaková, Zuzana (Author)
Format: Article
Language:Slovak
PhysicalDescription:Fotogr.
ISSN:0139-8512
Subjects:

MARC

LEADER 00000nab a2200000 ar4500
001 vtls009341672
003 SK-MaSNL
005 20260303055613.0
008 081003c2008 xo mr|p|||||||000 b|slo
015 |a SNBRB2008/10  |2 snkbucl 
038 |a SNKBUCL 
040 |a SNKBUCL  |b slo  |c SNKBUCL  |e AACR2 
041 0 |a slo 
044 |a xo  |c SK 
080 |a 904:726.95(437.6)  |2 1997 
080 |a 726.95  |2 1997 
100 1 |a Juhaniaková, Zuzana  |4 aut  |9 416650 
245 1 0 |a Banskoštiavnická kalvária prijala pútnikov  |c Zuzana Juhaniaková 
300 |b Fotogr. 
610 2 7 |a Kalvária (Banská Štiavnica, Slovensko)  |2 snkbucl  |9 131243 
648 7 |a 14.9.2008  |2 snkbucl  |9 1034897 
650 0 7 |a púte  |2 snkbucl  |9 1968 
773 0 |t Katolícke noviny  |g Roč. 123, č. 40 (2008), s. 4  |x 0139-8512 
852 |a SNK  |b KIS3GCP 
958 |a SK 
999 |c 1728094  |d 1730024